¿Literatura sin lenguaje? : (Registro nro. 9263)
[ vista simple ]
| 000 -LIDER | |
|---|---|
| fixed length control field | 00932nam a2200277 a 4500 |
| 001 - NÚMERO DE CONTROL | |
| Identificador de número de control | |
| 003 - IDENTIFICACDOR DE NÚMERO DE CONTROL | |
| control field | DO-SdBNP |
| 005 - DATE AND TIME OF LATEST TRANSACTION | |
| control field | 20230504103350.0 |
| 008 - ELEMENTOS DE LONGITUD FIJA | |
| fixed length control field | 091202s2004 dr 000 e spa d |
| 020 ## - ISBN | |
| International Standard Book Number | 9993479071 |
| 040 ## - FUENTE DE CATALOGACIÓN | |
| Agencia que crea de manera original el registro | DO-SdBNP |
| Idioma de catalogación | spa |
| Agencia que realiza la transcripción | BPMSU |
| 082 #4 - NÚMERO DE CLASIFICACIÓN DECIMAL DE DEWEY | |
| Classification number | RD864.44 |
| Item number | C433l 2004 |
| Edition number | 22 |
| 100 1# - ASIENTO PRINCIPAL -- NOMBRE PERSONAL | |
| Nombre personal | Chahín, Plinio |
| Fechas asociadas con el nombre | 1959- |
| 245 10 - MENCIÓN DE TITULO | |
| Título | ¿Literatura sin lenguaje? : |
| Subtítulo | escritos sobre el silencio y otros textos / |
| Mención de responsabilidad | Plinio Chahín. |
| 260 ## - PUBLICACIÓN, DISTRIBUCIÓN, ETC. (PIE DE IMPRENTA) | |
| Lugar de publicación, distribución, etc | Santo Domingo : |
| Nombre del editor, distribuidor, etc. | Editora Búho, |
| Fecha de publicación, distribución, etc | 2004. |
| 300 ## - DESCRIPCIÓN FÍSICA | |
| Extensión | 404 p. ; |
| Dimensiones | 23 cm. |
| 490 0# - MENCIÓN DE SERIES | |
| Mención de serie | Ensayos críticos |
| 500 ## - NOTA GENERAL | |
| Nota general | Incluye datos biográficos del autor en las solapas |
| 504 ## - NOTA DE BIBLIOGRAFÍA, ETC. | |
| Bibliography, etc | Incluye referencias bibliográficas (p. 395-404) |
| 590 ## - NOTA LOCAL | |
| Enlace | Inventariado, 2023/VM |
| 650 #4 - ENCABEZAMIENTO DE MATERIA--TEMÁTICO | |
| Término temático o nombre geográfico como elemento de entrada | Ensayos dominicanos |
| 650 #4 - ENCABEZAMIENTO DE MATERIA--TEMÁTICO | |
| Término temático o nombre geográfico como elemento de entrada | Literatura dominicana |
| Subdivisión cronológica | Siglo XX |
| 650 #4 - ENCABEZAMIENTO DE MATERIA--TEMÁTICO | |
| Término temático o nombre geográfico como elemento de entrada | Crítica literaria |
| Subdivisión de forma | Colecciones de escritos |
| Subdivisión geográfica | |
| 910 ## - VALIDACIÓN | |
| Validación | VMateo V. Control de calidad (BPMSU) |
| 942 ## - ADDED ENTRY ELEMENTS (KOHA) | |
| Source of classification or shelving scheme | Dewey Decimal Classification |
| Koha item type | Libros |
| Withdrawn status | Lost status | Source of classification or shelving scheme | Damaged status | Not for loan | Collection code | Home library | Current library | Date acquired | Source of acquisition | Full call number | Barcode | Date last seen | Price effective from | Koha item type |
|---|---|---|---|---|---|---|---|---|---|---|---|---|---|---|
| Dewey Decimal Classification | Colección Dominicana | Biblioteca Pública Metropolitana Salomé Ureña | Biblioteca Pública Metropolitana Salomé Ureña | 02/07/2018 | FUNDI | BPMSU CD RD864.44 C433l 2004 | BPMSU18020095 | 02/07/2018 | 02/07/2018 | Libros |